| 000 | 00536nam a22001937a 4500 | ||
|---|---|---|---|
| 005 | 20130813120011.0 | ||
| 010 | _aENG-107873 | ||
| 020 |
_a9788188643417 _c225.00 |
||
| 035 | _aEN-91406 | ||
| 037 | _bDBAD/PUB | ||
| 082 | _a954 | ||
| 245 | 0 | 0 |
_aIndia : _cedited by Chaman Lal _bmother of us all / |
| 260 |
_aNew Delhi _bAkshaya Prakashan _c2013 |
||
| 270 |
_a2/18, Ansari Road _bNew Delhi _e110002 |
||
| 300 |
_a208p. _c22cm(pbk) |
||
| 500 | _aIncludes index | ||
| 700 | _aChaman Lal | ||
| 942 |
_2ddc _cEN _mIND _h954 |
||
| 999 |
_c77213 _d77213 |
||